| 000 | 00806nam0a22002531 4500 | ||
|---|---|---|---|
| 001 | rc\932078 | ||
| 005 | 20041129095454.4 | ||
| 035 | _a(NLR Aleph) 006105142 | ||
| 090 |
_a5300079 _c5300079 |
||
| 100 | _a20041129d1982 u |0rusy50 ca | ||
| 101 | 0 | _arus | |
| 102 | _aRU | ||
| 105 | _ay ||||||||| | ||
| 200 | 1 |
_aВычислительные методы оптимального управления _eУчеб. пособие |
|
| 210 |
_aИркутск _cИзд-во Иркут. ун-та _d1982 |
||
| 215 |
_a110 с. _d20 |
||
| 320 | _aБиблиогр.: с. 107-110 (40 назв.) | ||
| 700 | 1 |
_aСрочко _bВ. А. _gВладимир Андреевич |
|
| 801 | 0 |
_aRU _bNLR _gpsbo |
|
| 801 | 1 |
_aRU _bELAR _2rusmarc |
|
| 852 |
_aNLR _j83-3/3770 |
||
| 852 |
_aNLR _j83-3/5678 |
||
| 942 | _cBOOK | ||
| 980 | _aNB | ||